000
00292nam a22001337a 4500
020
_a
978-0-00-717509-3
082
_a
823
_b
NIX/L
100
_a
NIX, GARTH
245
_a
LADY FRIDAY
260
_a
LONDON
_b
HARPER COLLINS
_c
2007
300
_a
371
650
_a
NOVEL
_z
UNITED KINGDOM
942
_c
BK
999
_c
3640
_d
3640